Judge Dredd: (Record no. 23994)

MARC details
000 -LEADER
fixed length control field 00457nam a22001577a 4500
020 ## - INTERNATIONAL STANDARD BOOK NUMBER
ISBN 9781905437795
041 ## - LANGUAGE CODE
Language code of text/sound track or separate title English
082 ## - DEWEY DECIMAL CLASSIFICATION NUMBER
Classification number 741.5941
Item number WAG
100 ## - MAIN ENTRY--AUTHOR NAME
Author name Wagner, John
245 ## - TITLE STATEMENT
Title Judge Dredd:
Sub Title the complete case files 11 /
Statement of responsibility, etc John Wagner, Carlos Ezquerra
260 ## - PUBLICATION, DISTRIBUTION, ETC. (IMPRINT)
Place of publication Wellingborough :
Name of publisher Gutenberg Press ,
Year of publication 2009.
300 ## - PHYSICAL DESCRIPTION
Number of Pages various pages :
Other physical details illustrations ;
Dimensions 24 cm.
650 ## - SUBJECT ADDED ENTRY--TOPICAL TERM
Subject Graphic novels
650 ## - SUBJECT ADDED ENTRY--TOPICAL TERM
Subject Science fiction
942 ## - ADDED ENTRY ELEMENTS (KOHA)
Source of classification or shelving scheme Dewey Decimal Classification
Koha item type Books
Holdings
Withdrawn status Lost status Source of classification or shelving scheme Damaged status Not for loan Home library Current library Shelving location Date acquired Full call number Accession Number Price effective from Koha item type
    Dewey Decimal Classification     Institute of Public Enterprise, Library Institute of Public Enterprise, Library S Campus 08/29/2025 741.5941 WAG 39645 08/29/2025 Books

Maintained and Designed by
2cqr automation private limited, Chennai. All Rights Reserved.

You are Visitor Number

PHP Hits Count